Projectes 2004 : memòria gràfica : indicadors de producció / Direcció de Comunicació, Institut d'Edicions memòria gràfica :
Descripción Física:
32 p. : il. col., gràfics : 29 cm
MARC
| LEADER | 00000nam a2200000Ia 4500 | ||
|---|---|---|---|
| 001 | 22254 | ||
| 008 | 160829s2005 xx 000 0 cat d | ||
| 080 | |a FU-54-3 | ||
| 110 | |a Barcelona (Catalunya : Província). |b Direcció de Comunicació |9 53855 | ||
| 245 | |a Projectes 2004 : |b memòria gràfica : |b indicadors de producció / Direcció de Comunicació, Institut d'Edicions | ||
| 260 | |a Barcelona : |b Diputació de Barcelona, |c 2005 | ||
| 300 | |a 32 p. : |b il. col., gràfics : |b 29 cm | ||
| 610 | 0 | |a Barcelona (Catalunya : Província). |b Institut d'Edicions |9 53854 | |
| 610 | 0 | |a Barcelona (Catalunya : Província). |b Direcció de Comunicació |9 53855 | |
| 650 | |a Comunicació |x Barcelona |9 38229 | ||
| 710 | |a Barcelona (Catalunya : Província). |b Institut d'Edicions |9 53854 | ||
| 901 | |a Arxiu | ||
| 942 | |n 1 | ||
| 952 | |0 0 |1 0 |4 0 |6 FU543 |7 1 |9 48331 |a Arxiu |b Arxiu |d 2016-12-01 |l 0 |o FU-54-3 |p 22254 |r 2016-12-01 00:00:00 |w 2016-12-01 |y ARXIU | ||
| 999 | |c 52137 |d 52137 | ||